000 00712nam a2200253#a 4500
001 00698
003 HDC
007 ta
008 230623s2006 xx 000 0 eng d
020 _a9679311899 (pbk.).
040 _aHDC
050 _aZ 286
_b.B56 P46
245 0 _aPenerbitan biografi di Malaysia
264 _aKuala Lumpur :
_bPerpustakaan Negara Malaysia,
_c2006
300 _a268p. :
_b il. ;
_c 23cm.
500 _aIncludes bibliographical references (p. 256) and index
650 _aBiography as a literary form
650 _aMalaysia
_xBiography
_xHistory and criticism
710 _aPerpustakaan Negara Malaysia
942 _2lcc
942 _cBK
942 _kZ 286
942 _m.B56 P46
999 _c22313
_d22313